La cristianizzazione della Samogizia

Titel: La cristianizzazione della Samogizia
Verfasser:
In: ˜Laœ cristianizzazione della Lituania, (1989), Seite 219-234
alle Artikel anzeigen
Veröffentlicht: 1989
Format: Aufsatz
Sprache: Italienisch
Kein Bild verfügbar
X
alg: 39254113
001A    $01999:11-11-16 
001B    $01999:17-05-21 $t20:33:59.000 
001D    $01999:11-11-16 
001U    $0utf8 
001X    $00 
002@    $0Aox 
003@    $0392541130 
007A    $0392541130 $aHEB 
007T    $0Herdc0066643m 
010@    $aita 
011@    $a1989 
021A    $aLa @cristianizzazione della Samogizia 
028A    $aRabikauskas $dPaulius 
031A    $h219-234 $j1989 
039B    $aIn $8--Aauc--. La @cristianizzazione della Lituania. - Città del Vaticana : Libreria Ed. Vaticano, 1989. - 307 S.. - Ill.. - ISBN 88-209-1648-7 $x198900000000000781 $9021454345 
045F    $a200.947930902 $eDDC23BSB 
045F/01 $a200.9 
045F/03 $f0902 
045F/03 $g4793 
045F/03 $g438 

lok: 39254113 78

exp: 39254113 78 1 #EPN
201B/01 $022-03-18 $t23:27:32.000 
201U/01 $0utf8 
203@/01 $0788639129 
208@/01 $a11-11-16 $be 
209A/01 $a/ $f000 $x00 
220C/01 $aTitelaufnehmer: ej;sm 
220C/01 $aHerkunft: HI Marburg 
244Z/01 $2Trx $#Litauen $#Lithuania $#Litwa $#Litva $#Litva $8--Trx--Lietuva $x01 $9391193457 
244Z/01 $2Trx $#Poola $#Lenkija $#Polija $#Polen Land $#Poland $#Lengyelország $#Poľsko $#Polsko $8--Trx--Polska$gkraj $x02 $9391345966 
244Z/01 $#Schamaiten (Region) $#Samogitien $#Žemaičiai $#Samogitia $#Žemaitija $#Żmudź $74118314-9 $8--Tg1--Schamaiten $x03 $9085367699 
244Z/01 $aGeschichte 1200-1350 $x04 
244Z/01 $2Trx $#ristiusustamine $#christianizacija $#christian missons $#keresztényesítés $#chrystianizacja $#christianizácia $#christianizace $8--Trx--Christianisierung $x05 $9391365525 
244Z/01 $2Trx $8--Trx--Einzelbeiträge $x06 $9391384570 
245Z/01 $a10.02.01 $x01 
247C/01 $82080>Marburg/Lahn, Herder-Institut, Forschungsbibliothek, Bibliographieportal $9336309341
LEADER 00000caa a22000002c 4500
001 392541130
003 DE-603
005 20210517203359.0
007 tu
008 161111s1989 xx |||| | u00||u|ita c
035 |a (DE-599)HEB392541130 
040 |a DE-603  |b ger  |c DE-603  |d DE-603 
041 |a ita 
082 0 4 |8 1\u  |a 200.947930902  |q DE-101  |2 23/BSB 
085 |8 1\u  |b 200.9 
085 |8 1\u  |z 1  |s 0902 
085 |8 1\u  |z 2  |s 4793 
085 |8 1\u  |z 2  |s 438 
100 1 |a Rabikauskas, Paulius 
245 0 0 |a ˜Laœ cristianizzazione della Samogizia 
264 0 |c 1989 
773 0 8 |i In  |t ˜Laœ cristianizzazione della Lituania  |d Città del Vaticana : Libreria Ed. Vaticano, 1989  |h 307 S., Ill.  |z 8820916487  |g (1989), Seite 219-234  |w (DE-603)021454345 
924 0 |9 2080  |a (DE-603)788639129  |b DE-2080  |c HES  |d d  |g /